ბათუმის შოთა რუსთაველის სახელმწიფო უნივერსიტეტის ბიბლიოთეკა

საქართველოს გეობოტანიკური დარაიონება / (ბიბ.ჩანაწერი № 49165)

000 -ლიდერი
ფიქსირებული სიგრძის საკონტროლო ველი 01391nam a2200253Ia 4500
001 - საკონტროლო ნომერი
საკონტროლო ველი 16076
003 - საკონტროლო ნომრის იდენტიფიკატორი
საკონტროლო ველი GE_BSU
005 - ბოლო ოპერაციის თარიღი და დრო
საკონტროლო ველი 20241205161605.0
008 - ფიქსირებული სიგრძის მონაცემთა ელემენტები - ზოგადი ინფორმაცია
ფიქსირებული სიგრძის საკონტროლო ველი 181216s1996||||ge |||||||||||||| ||geo||
040 ## - კატალოგიზაციის წყარო
Transcribing agency GE_BSU
041 ## - ენის კოდი
Language code of text/sound track or separate title geo
080 ## - უნივერსალური ათობითი კლასიფიკაციის ინდექსი
Universal Decimal Classification number 581.9(479.22) ქ-45
100 ## - მთავარი ჩანაწერი - პიროვნების სახელი
Personal name ქვაჩაკიძე, რევაზ
9 (RLIN) 23865
245 ## - ცნობა სათაურის შესახებ
Title საქართველოს გეობოტანიკური დარაიონება /
Statement of responsibility, etc [რედ. : გ. ნახუცრიშვილი] ; საქ. მეცნ. აკად., ნ. კეცხოველის სახ. ბოტანიკის ინ-ტი.
264 ## - წარმოების, გამოცემის, დისტრიბუციის და სხვა ცნობები
გამოცემის, წარმოების, დისტრიბუციის... ადგილი თბილისი :
გამოცემის, წარმოების, დისტრიბუციის... სახელწოდება მეცნიერება,
გამოცემის, წარმოების, დისტრიბუციის... თარიღი 1996.
300 ## - ფიზიკური აღწერა
Extent 128 გვ. ;
Dimensions 20 სმ.
500 ## - ზოგადი შენიშვნა
General note წიგნს ახლავს ავტორის მინაწერი
504 ## - BIBLIOGRAPHY, ETC. NOTE
Bibliography, etc ბიბლიოგრ. : გვ. 120
520 ## - SUMMARY, ETC.
Summary, etc რეზიუმე რუსული ენაზე
653 ## - INDEX TERM--UNCONTROLLED
Uncontrolled term საქართველოს გეობოტანიკა
700 ## - ADDED ENTRY--PERSONAL NAME
Personal name ნახუცრიშვილი, გ.
Relator term რედაქტორი
9 (RLIN) 1485
700 ## - ADDED ENTRY--PERSONAL NAME
Personal name საქართველოს მეცნიერება აკადემია
Relator term ნ. კეცხოველის სახ. ბოტანიკის ინ-ტი
9 (RLIN) 23866
942 ## - ADDED ENTRY ELEMENTS (KOHA)
Koha item type წიგნი
Source of classification or shelving scheme
ეგზემპლარები
ჩამოწერის სტატუსი დაკარგული ეგზემპლარის სტატუსი კლასიფიკაციის წყარო ან თაროზე გაწყობის სქემა დაზიანების სტატუსი არ გაიცემა მუდმივი მდებარეობა (დაცვის ადგილი) ამჟამინდელი ადგილსამყოფელი თაროზე განთავსების ადგილი შეძენის თარიღი სრული შენახვის შიფრი შტრიხკოდი ბოლო ოპერაციის თარიღი ეგზემპლარის მიმდევრობითი ნომერი (კეტერი?) ფასის ძალაში შესვლის თარიღი ეგზემპლარის სახეობა
          ბათუმის შოთა რუსთაველის სახელმწიფო უნივერსიტეტის მთავარი ბიბლიოთეკა ბათუმის შოთა რუსთაველის სახელმწიფო უნივერსიტეტის მთავარი ბიბლიოთეკა წიგნსაცავი 2018-12-17 581.9(479.22) ქ-45 27503 2018-12-17 27503 2018-12-17 წიგნი